| Поле | Название | Значение |
| |
Тип записи |
a |
| |
Библиографический уровень |
m |
| 001 |
Контрольный номер |
RU\infra-m\znanium\bibl\2226982 |
| 005 |
Дата корректировки |
20260429142110.8 |
| 008 |
Кодируемые данные |
250923s2025 RU g rus u |
| 020 |
Индекс ISBN |
__ |
| a |
ISBN |
978-5-9729-2162-1 |
| 040 |
Источник каталогиз. |
__ |
| a |
Служба первич. каталог. |
Общество с ограниченной ответственностью «ЗНАНИУМ» |
| 041 |
Код языка издания |
__ |
| a |
Код языка текста |
rus |
| 044 |
Код страны публикации |
__ |
| a |
Код страны публикации |
RU |
| 080 |
Индекс УДК |
__ |
| a |
Индекс УДК |
621 |
| 084 |
Индекс другой классификации/Индекс ББК |
__ |
| 2 |
Источник индекса |
rubbk |
| a |
Индекс другой классификации/Индекс ББК |
312 |
| 084 |
Индекс другой классификации/Индекс ББК |
__ |
| 2 |
Источник индекса |
okso |
| a |
Индекс другой классификации/Индекс ББК |
13.03.02 |
| 100 |
Автор |
__ |
| a |
Автор |
Гардин А.И. |
| q |
Полное имя |
Гардин Александр Иванович |
| u |
Дополнение |
Нижегородский государственный технический университет им. Р.А. Алексеева |
| 245 |
Заглавие |
__ |
| a |
Заглавие |
Электрические аппараты в системе электроснабжения. Том 2. Аппараты защиты от сверхтоков |
| b |
Продолж. заглавия |
Учебно-методическая литература |
| c |
Ответственность |
Нижегородский государственный технический университет им. Р.А. Алексеева |
| 250 |
Сведения об издании |
__ |
| a |
Основные сведения об издании |
1 |
| 260 |
Выходные данные |
__ |
| a |
Место издания |
Вологда |
| b |
Издательство |
Инфра-Инженерия |
| c |
Дата издания |
2025 |
| 300 |
Физическое описание |
__ |
| a |
Объем |
164 с. |
| 520 |
Аннотация |
__ |
| a |
Аннотация |
Рассмотрены вопросы применения электрических аппаратов защиты от сверхтоков в электроустановках промышленных предприятий; жилых общественных административных и бытовых зданий: принцип действия конструкция технические характеристики и выбор электрических аппаратов для защиты электроприемников и электрических сетей низкого напряжения (до 1000 В) от ненормальных режимов работы а также защиты человека. Приведены индивидуальные задания для практических работ методические указания по их выполнению и вопросы для проверки знаний. Для студентов направления подготовки бакалавров 13.03.02 «Электроэнергетика и электротехника» для профилей обучения «Электроснабжение и релейная защита» «Электроэнергетические системы и сети» всех форм обучения. |
| 521 |
Примеч. о цел. назн. |
__ |
| a |
Примеч. о целев. назн. |
ВО - Бакалавриат |
| 650 |
Тематические рубрики |
__ |
| a |
Основная рубрика |
Строительство |
| x |
Основная подрубрика |
Электроснабжение |
| 655 |
Указ. предметных рубрик (устаревшее) |
__ |
| a |
Жанр/ форма (устаревшее) |
Учебно-методическая литература |
| 856 |
Электронный адрес документа |
4_ |
| a |
Имя сервера/домена |
znanium.ru |
| m |
Помощь |
ebs_support@infra-m.ru |
| n |
Местонахождение сервера |
НИЦ ИНФРА-М |
| u |
URL |
https://znanium.ru/catalog/document?id=470307 |
| 856 |
Электронный адрес документа |
48 |
| a |
Имя сервера/домена |
znanium.ru |
| d |
Путь |
/cover/2226 |
| f |
Электронное имя |
2226982.jpg |
| q |
Тип электронного формата |
image/jpeg |
| u |
URL |
https://znanium.ru/cover/2226/2226982.jpg |
| 911 |
|
__ |
| u |
|
0030=https://znanium.ru/catalog/document?id=470307 |